000 008040000a22002650004500
003 LK-CoMWRAF
008 230817t ||||| |||| 00| 0 eng d
020 _a9551066057
040 _aLK-CoMWRAF
_dLK-CoMWRAF
_eLK-CoMWRAF
041 _aeng
100 _aSarvananthan, Muttukrishna
245 _aPoverty in the Conflict Affected Region of Sri Lanka: An Assessment
_bWorking Paper 05
260 _bPoint Pedro Institute of Development
_aPoint Pedro (Sri Lanka)
_c2005
300 _ap.27
490 _aPPID Working Paper Series
650 _aAbsolute Poverty
650 _aHuman Poverty
650 _aImpact of Tsunami
650 _aIncome Inequality
650 _aIncome Poverty
650 _aInternational Experience
650 _aRelative Poverty
650 _aVulnerability
942 _cBK
999 _c2279
_d2279